000184253 001__ 184253
000184253 005__ 20230317124140.0
000184253 0247_ $$2doi$$a10.1007/978-1-4684-3956-4_23
000184253 037__ $$aGSI-2016-00023
000184253 041__ $$aEnglish
000184253 1001_ $$aJaklovsky, Jozef$$b0$$eEditor
000184253 245__ $$aRolling of Sensitive Target Foils Being Coated with Evaporated Metal Layers
000184253 260__ $$aBoston, MA$$bSpringer US$$c1981
000184253 29510 $$aPreparation of Nuclear Targets for Particle Accelerators / Jaklovsky, Jozef (Editor)   ; Boston, MA : Springer US, 1981, Chapter 23 ; ISBN: 978-1-4684-3958-8 ; doi:10.1007/978-1-4684-3956-4
000184253 300__ $$a171-179
000184253 3367_ $$2DRIVER$$abookPart
000184253 3367_ $$2BibTeX$$aINBOOK
000184253 3367_ $$07$$2EndNote$$aBook Section
000184253 3367_ $$0PUB:(DE-HGF)7$$2PUB:(DE-HGF)$$aContribution to a book$$bcontb$$mcontb$$s1452609315_30177
000184253 536__ $$0G:(DE-HGF)POF3-899$$a899 - ohne Topic (POF3-899)$$cPOF3-899$$fPOF III$$x0
000184253 588__ $$aDataset connected to CrossRef Book
000184253 7001_ $$0P:(DE-HGF)0$$aFolger, Helmut$$b1
000184253 7001_ $$0P:(DE-HGF)0$$aKlemm, Josef$$b2
000184253 773__ $$a10.1007/978-1-4684-3956-4_23
000184253 909CO $$ooai:repository.gsi.de:184253$$pVDB
000184253 9101_ $$0I:(DE-Ds200)20121206GSI$$6P:(DE-HGF)0$$aGSI Helmholtzzentrum für Schwerionenforschung GmbH$$b1$$kGSI
000184253 9101_ $$0I:(DE-Ds200)20121206GSI$$6P:(DE-HGF)0$$aGSI Helmholtzzentrum für Schwerionenforschung GmbH$$b2$$kGSI
000184253 9131_ $$0G:(DE-HGF)POF3-899$$1G:(DE-HGF)POF3-890$$2G:(DE-HGF)POF3-800$$3G:(DE-HGF)POF3$$4G:(DE-HGF)POF$$aDE-HGF$$bProgrammungebundene Forschung$$lohne Programm$$vohne Topic$$x0
000184253 920__ $$lno
000184253 9201_ $$0I:(DE-Ds200)BUD-20051214OR030$$kBUD$$lBibliothek & Dokumentation$$x0
000184253 980__ $$acontb
000184253 980__ $$aVDB
000184253 980__ $$aI:(DE-Ds200)20120319OR030
000184253 980__ $$aI:(DE-Ds200)BUD-20051214OR030
000184253 980__ $$aUNRESTRICTED